boys group #3 ATeez - Statistiques

Statistiques générales
  • Ce quiz a été pris 81 fois
  • Le résultat moyen est 15 sur 16
Statistiques - réponses
Par images Réponse % Correct
San
100%
San
98%
Mingi
97%
Yeosang
97%
Mingi
94%
Yeosang
94%
Jongho
92%
Jongho
92%
Seonghwa
92%
Wooyoung
92%
Hongjoon
91%
Seonghwa
91%
Wooyoung
91%
Yunho
91%
Yunho
91%
Hongjoon
89%
Aucun quiz correspondant
Distribution des résultats
% des personnes avec chaque résultat
Percentile par nombre de réponses
Votre historique - résultats
Vous n’avez pas pris ce quiz